| 000 | 00986nam a22002297a 4500 | ||
|---|---|---|---|
| 999 |
_c3309 _d3309 |
||
| 003 | AR-CdUCM | ||
| 008 | 190306b ||||| |||| 00| 0 spa d | ||
| 040 |
_aMUNICIPALIDAD PROVINCIAL DEL CUSCO _cBIBLIOTECA MUNICIPAL DEL CUSCO |
||
| 041 | _heng | ||
| 082 |
_a810.9 / _bZ12 |
||
| 100 |
_aZabel, Morton Dauwen _910999 |
||
| 245 |
_aHistoria de la literatura norteamericana, desde los orígenes hasta el día : _bSus maestros, tradiciones y problemas / |
||
| 260 |
_aBuenos Aires : _bEditorial Losada, _c1950. |
||
| 300 |
_a667 páginas ; _bFotografías, _c24 cm. |
||
| 505 | _aContenido: El espíritu y los orígenes de la literatura de los Estados Unidos -- Cotton Mather y Jonathan Edwards -- Menjamín Franklin -- Edgar Allan Poe -- Emily Dickinson... | ||
| 650 |
_aLiteratura estadounidense _911000 |
||
| 650 |
_aHistoria y crítica _95993 |
||
| 650 |
_aOrígenes de la Literatura _911001 |
||
| 650 |
_aEspíritu norteamericano _911002 |
||
| 942 |
_2ddc _cLIBROS |
||
| 945 | _adavv | ||